00371pab a2200121 454500008004000000100002200040245008200062260000900144300001200153362001200165650002500177773004700202180718b1996 xxu||||| |||| 00| 0 eng d aBudhwar, Pawan S. aHuman resource management in six manufacturing industries: an empirical study c1996 ap.37-54 aOct-Dec aPersonnel management aIndian Journal of Training and Development